|
|
|
|
| LEADER |
00000nam a22000007a 4500 |
| 005 |
20190301123032.0 |
| 007 |
cr|||| |||| |
| 008 |
190301s2018 mx |||||s|||| 00||0 spa d |
| 020 |
|
|
|a 978-607-8628-00-1
|
| 035 |
|
|
|a 22919
|
| 040 |
|
|
|a vLex
|
| 090 |
|
|
|c 8490
|d 8490
|
| 100 |
1 |
|
|a Morales Baųelos, Paula Beatriz
|
| 245 |
1 |
0 |
|a Interaccin̤ de los costos y las finanzas en la toma de decisiones estratǧicas
|h [Recurso electrn̤ico] /
|c Paula Beatriz Morales Baųelos, Jorge Smeke Zwaiman, Luis Huerta Garca̕
|
| 256 |
|
|
|a Servicio en ln̕ea
|
| 260 |
|
|
|a Ciudad de Mx̌ico:
|b Instituto Mexicano de Contadores Pb︢licos,
|c 2018
|
| 300 |
|
|
|a 1 recurso electrn̤ico
|
| 506 |
1 |
|
|a Disponible solo en los productos indicados
|d vLex Global
|d vLex Global (Academic Edition, excluding Law Schools)
|d vLex Global (U.S. Academic Edition, Law Schools)
|d vLex Global (U.S. Academic Edition, excluding Law Schools)
|d vLex Global (Academic Edition, Law Schools)
|
| 650 |
0 |
4 |
|a Derecho Mercantil y de la Empresa
|z Mx̌ico
|
| 700 |
1 |
|
|a Smeke Zwaiman, Jorge
|
| 700 |
1 |
|
|a Huerta Garca̕, Luis
|
| 740 |
0 |
|
|a vLex Libros (Servicio en ln̕ea)
|
| 856 |
4 |
0 |
|u http://vlex.com/source/interaccion-costos-finanzas-toma-decisiones-estrategicas-22919
|z Acceso restringido
|
| 942 |
|
|
|c BOOK
|
| 999 |
0 |
|
|a Commercial and Company Law
|